Francouzština pro zahraniční obchod

Gespeichert in:
Bibliographische Detailangaben
1. Verfasser: Vlasák, Václav
Körperschaft: Vysoká škola ekonomická v Praze. Obchodní fakulta
Format: Buch
Sprache:Tschechisch
Veröffentlicht: Praha Státní pedagogické nakladatelství 1987
Ausgabe:6. vyd.
Tags: Tag hinzufügen
Keine Tags, Fügen Sie das erste Tag hinzu!

MARC

LEADER 00000nam a2200000 4500
001 c039529
005 20221219102730.7
041 0 |a cze 
044 |a CZ 
245 1 0 |a Francouzština pro zahraniční obchod  |c Václav Vlasák 
250 |a 6. vyd. 
264 1 |a Praha  |b Státní pedagogické nakladatelství  |c 1987 
300 |a 228 s. 
100 1 |a Vlasák, Václav 
710 2 |a Vysoká škola ekonomická v Praze. Obchodní fakulta